Profesiones femeninas de Servicio Social : (Record no. 70559)

MARC details
000 -LEADER
campo de control de longitud fija 00712nam a2200193 i 4500
001 - NÚMERO DE CONTROL
campo de control 70559
003 - IDENTIFICADOR DE NÚMERO DE CONTROL
campo de control ES-MaACL
005 - FECHA Y HORA DE LA ÚLTIMA TRANSACCIÓN
campo de control 20230906170844.0
007 - CAMPO FIJO DE DESCRIPCIÓN FÍSICA--INFORMACIÓN GENERAL
campo de control de longitud fija t|
008 - DATOS DE LONGITUD FIJA--INFORMACIÓN GENERAL
campo de control de longitud fija 040728s1952 sp ||||1| spa d
100 1# - ENTRADA PRINCIPAL--NOMBRE DE PERSONA
Nombre de persona García Villegas, Pilar.
9 (RLIN) 55413
245 10 - MENCIÓN DEL TÍTULO
Título Profesiones femeninas de Servicio Social :
Resto del título guía de orientación vocacional y profesional /
Mención de responsabilidad, etc. por Pilar García Villegas.
260 ## - PUBLICACIÓN, DISTRIBUCIÓN, ETC.
Lugar de publicación, distribución, etc. Madrid :
Nombre del editor, distribuidor, etc. Ministerio de Trabajo, Escuela Social de Madrid,
Fecha de publicación, distribución, etc. 1952.
300 ## - DESCRIPCIÓN FÍSICA
Extensión 33 p. ;
Dimensiones 25 cm.
650 #4 - PUNTO DE ACCESO ADICIONAL DE MATERIA--TÉRMINO DE MATERIA
Término de materia o nombre geográfico como elemento de entrada Mujeres-
Subdivisión general Trabajo-
Subdivisión geográfica España-
Subdivisión cronológica S.XX.
9 (RLIN) 15321
650 #4 - PUNTO DE ACCESO ADICIONAL DE MATERIA--TÉRMINO DE MATERIA
Término de materia o nombre geográfico como elemento de entrada Orientación profesional para mujeres-
Subdivisión geográfica España.
9 (RLIN) 156165
710 2# - ENTRADA AGREGADA--NOMBRE DE ENTIDAD CORPORATIVA
Nombre de entidad corporativa o nombre de jurisdicción como elemento de entrada Escuela Social de Madrid.
9 (RLIN) 3593
852 ## - LOCALIZACIÓN
Ubicación ES-MaACL
Número de control de estantería 1950-F-23
Holdings
Estatus retirado Estado de pérdida Estado de daño No para préstamo Colección Biblioteca de origen Biblioteca actual Ubicación en estantería Fecha de adquisición Fuente de adquisición Total de préstamos Signatura topográfica completa Código de barras Visto por última vez Precio de reemplazo Tipo de ítem Koha
        Colección de folletos Biblioteca del Ateneo de Madrid Biblioteca del Ateneo de Madrid Depósito folletos 17/01/2008     1950-F-23 1073883 23/02/2023 23/02/2023 Folleto